000 00671cab a2200253 4500
001 WB3348-48
008 090401t1997 xxu||||| |||| 00| 0 eng d
035 _a(Sirsi) u82594
041 _aeng
245 _aNew SEAC advice
260 _c1997
350 _a0
490 _aMAFF News Release
_v(384/97) 3 December 1997 (4)
520 _aGovernment is acting on advice from SEAC on BSE and ensuring all beef will be deboned before sale. Details.
650 _aBEEF CATTLE
650 _aBEEF INDUSTRY
650 _aBEEF ON THE BONE
650 _aBSE
650 _aCATTLE
650 _aSEAC
690 _aRURAL PRACTICE
942 _n0
948 _c10/12/1997
999 _c52166
_d52166